000 00294nam a2200109 a 4500
005 20201002044914.0
008 140402s1970 000 spa d
100 _aEuripides
_971492
245 0 _aAlcestis medea, electra hipoliti.
260 _aMadrid -- Libra,
_c1970 -- 163 p.
999 _c43148
_d43148
040 _aDO-SdBNP